Pattern Recognition and Big Data (Record no. 13124)

MARC details
000 -LEADER
fixed length control field 00380nam a22001577a 4500
003 - CONTROL NUMBER IDENTIFIER
control field OSt
008 - FIXED-LENGTH DATA ELEMENTS--GENERAL INFORMATION
fixed length control field 250213b |||||||| |||| 00| 0 eng d
020 ## - INTERNATIONAL STANDARD BOOK NUMBER
International Standard Book Number 9780000988973
082 ## - DEWEY DECIMAL CLASSIFICATION NUMBER
Classification number 005.7
Item number PAP
100 ## - MAIN ENTRY--PERSONAL NAME
Personal name PAL, Amita
245 ## - TITLE STATEMENT
Title Pattern Recognition and Big Data
260 ## - PUBLICATION, DISTRIBUTION, ETC. (IMPRINT)
Place of publication, distribution, etc Singapore,
Name of publisher, distributor, etc World Scientific:
Date of publication, distribution, etc 2020.
300 ## - PHYSICAL DESCRIPTION
Extent 855p.
650 ## - SUBJECT ADDED ENTRY--TOPICAL TERM
Topical term or geographic name as entry element MCA
942 ## - ADDED ENTRY ELEMENTS (KOHA)
Source of classification or shelving scheme Dewey Decimal Classification
Koha item type Text Books
Holdings
Withdrawn status Lost status Source of classification or shelving scheme Damaged status Not for loan Collection code Home library Current library Date acquired Source of acquisition Currency Cost, normal purchase price Bill Number Total Checkouts Full call number Acc. no. / Barcode Date last seen Actual Cost, discounted price Bill Date Koha item type
    Dewey Decimal Classification     Computer Science and Engineering in AI & Machine Learning PIET C-LIBRARY PIET C-LIBRARY 13/02/2025 CBS Publishers & Distributors PVT. LTD. INR 1595.00 COR/CBS/25/3341   005.7 PAP 38737 13/02/2025 7795.25 21/11/2024 Text Books

Design & Developed by: PIET Central Library
R70 Miles Stone Pattikalyana Samalkha Panipat 132102
mail ID :- [email protected], Phone No:- 0180-2569700 Ex.216